Top 100 Basketball Players OAT (Correct List) - Statistics

General Stats
  • This quiz has been taken 119 times
  • The average score is 24 of 100
Answer Stats
Hint Answer % Correct
1 Lebron James
97%
2 Michael Jordan
94%
3 Kareem Abdul-Jabbar
76%
10 Stephen Curry
68%
6 Larry Bird
66%
5 Magic Johnson
63%
21 Kevin Durant
61%
4 Wilt Chamberlain
61%
7 Tim Duncan
55%
17 Jerry West
51%
79 Russell Westbrook
49%
41 James Harden
47%
19 Nikola Jokic
46%
8 Hakeem Olajuwon
42%
12 Bill Russell
40%
18 Julius Erving
39%
29 Scottie Pippen
38%
22 Karl Malone
37%
28 Moses Malone
37%
14 Oscar Robertson
37%
13 Dirk Nowitzki
34%
58 Ray Allen
34%
26 Giannis Antetokoumpo
33%
11 Kevin Garnett
33%
35 | 56 Allen Iverson
32%
24 Chris Paul
32%
16 John Stockton
32%
96 Klay Thompson
32%
30 Dennis Rodman
30%
77 Anthony Davis
29%
31 Kawhi Leonard
28%
25 Isiah Thomas
27%
66 Carmelo Anthony
26%
54 Paul Pierce
26%
39 | 46 Steve Nash
26%
36 Vince Carter
26%
33 Patrick Ewing
25%
83 Chris Bosh
24%
34 Clyde Drexler
23%
50 Jason Kidd
23%
44 Joel Embiid
23%
53 Bill Walton
22%
37 Bob Cousy
22%
69 Tracy McGrady
22%
95 Draymond Green
20%
89 Marc Gasol
20%
62 Pau Gasol
20%
60 Reggie Miller
20%
94 Derrick Rose
19%
71 Dwight Howard
19%
43 Yao Ming
19%
45 Dominique Wilkins
18%
65 Tony Parker
18%
93 Jimmy Butler
17%
47 Kevin McHale
17%
67 Manu Ginobili
17%
52 Gary Payton
16%
32 Kryie Irving
16%
38 Elgin Baylor
15%
40 John Havlicek
15%
42 Rick Barry
14%
64 Robert Parish
14%
100 Shawn Kemp
14%
99 Tim Hardaway
14%
61 Wes Unseld
14%
48 George Mikan
13%
57 Willis Reed
13%
75 Blake Griffin
12%
70 Alonzo Mourning
11%
49 Ben Wallace
11%
91 Grant Hill
11%
55 James Worthy
11%
68 Alex English
10%
63 | 92 Bernard King
10%
97 Chris Webber
10%
82 Dave DeBusschere
10%
73 | 78 Pete Maravich
10%
20 Walt Frazier
10%
23 Dwayne Wade
9%
9 Shaquille O'Neil
9%
51 Elvin Hayes
8%
80 Sidney Moncrief
8%
85 Billy Cunningham
6%
84 Chauncey Billups
6%
59 Dikembe Mutumbo
6%
98 Mitch Richmond
6%
76 Nate Archibald
6%
86 Nate Thurmond
6%
90 Gail Goodrich
5%
88 Mark Price
4%
72 Bob Lanier
3%
27 Charles Barkely
2%
81 Chris Mullen
2%
15 David Robsinson
0%
74 Dolph Shayes
0%
87 Lenny Wilkins
0%
No matching quizzes found
Score Distribution
Percent of People with Each Score
Percentile by Number Answered
Your Score History
You have not taken this quiz